Normal view
MARC view
- Elliot, H. M.
Entry Personal Name
001 - CONTROL NUMBER
- control field: 128932
003 - CONTROL NUMBER IDENTIFIER
- control field: NUST
005 - DATE AND TIME OF LATEST TRANSACTION
- control field: 20250512094727.0
008 - FIXED-LENGTH DATA ELEMENTS
- fixed length control field: 250512|| aca||aabn | a|a d
040 ## - CATALOGING SOURCE
- Original cataloging agency: NUST
- Transcribing agency: NUST
100 ## - HEADING--PERSONAL NAME
- Personal name: Elliot, H. M.
- Fuller form of name: (Henry Miers),
- Titles and other words associated with a name: Sir,
- Dates associated with a name: 1808-1853
- Form subdivision: Correspondence
670 ## - SOURCE DATA FOUND
- Source citation: Work cat.: (NUST)0: Sprenger, Aloys, 1813-1893, author. 128930, Royal libraries of Lucknow and the British Government :
